Modern Concepts and Skills Management. (Record no. 5950)

MARC details
005 - DATE AND TIME OF LATEST TRANSACTION
control field 20250628102200.0
020 ## - INTERNATIONAL STANDARD BOOK NUMBER
International Standard Book Number 978-0-07-13-601016-6
082 ## - DEWEY DECIMAL CLASSIFICATION NUMBER
Classification number 658 CER
100 ## - MAIN ENTRY--PERSONAL NAME
Author name CERTO, S. C.
245 ## - TITLE STATEMENT
Title Modern Concepts and Skills Management.
250 ## - EDITION STATEMENT
Edition statement 7th Ed.
260 ## - PUBLICATION, DISTRIBUTION, ETC.
Place of publication, distribution, etc. New Jersey,
Name of publisher, distributor, etc. Prentice Hall,
Date of publication, distribution, etc. 2009.
300 ## - PHYSICAL DESCRIPTION
Extent xxiii, 600p.:ill.; figure, picture, table
Other physical details Bibliography, Index & Rferences
Dimensions 28cm
700 ## - ADDED ENTRY--PERSONAL NAME
Other authors/Editors CERTO, S. T
942 ## - ADDED ENTRY ELEMENTS (KOHA)
Source of classification or shelving scheme Dewey Decimal Classification
Koha item type Books
Holdings
Date last seen Total checkouts Full call number Barcode Cost, replacement price Price effective from Koha item type Lost status Source of classification or shelving scheme Damaged status Not for loan Withdrawn status Home library Current library Shelving location Date acquired Cost, normal purchase price
06/28/2025   658 CER DOM0001068 120000.00 06/28/2025 Books   Dewey Decimal Classification       CBE Dodoma CBE Dodoma General Collection 06/28/2025 40000.00